Normal view
MARC view
- DOAKE,JILL/BRITTON,CAROL
Entry Personal Name
001 - CONTROL NUMBER
- control field: 4222
003 - CONTROL NUMBER IDENTIFIER
- control field: JO-AjAnu
005 - DATE AND TIME OF LATEST TRANSACTION
- control field: 20230606071006.0
008 - FIXED-LENGTH DATA ELEMENTS
- fixed length control field: 230606|| aca||aabn | a|a d
040 ## - CATALOGING SOURCE
- Original cataloging agency: JO-AjAnu
- Transcribing agency: JO-AjAnu
100 ## - HEADING--PERSONAL NAME
- Personal name: DOAKE,JILL/BRITTON,CAROL
670 ## - SOURCE DATA FOUND
- Source citation: Work cat.: (JO-AjAnu)2194: DOAKE,JILL/BRITTON,CAROL, author, Software System Development Agentle untroductuon